00341nam a2200133Ia 4500100003200000650001600032366000700048654001600055245009000071260001800161082000800179300000800187546001200195 aReddy/S.R.N/ Chande/Suresh  asmart phone f20 asmart phone aDesign and development of smart phone: A practical approach by using Raspberry Pi 2/3 bOreillyc2016 bRED a137 aENGLISH